| 000 | 01200nam0a2200337 4500 | ||
|---|---|---|---|
| 001 | RU\NLR\bibl\106093 | ||
| 005 | 20260406013314.0 | ||
| 010 |
_a5-7836-0174-8 _915000 |
||
| 021 |
_aRU _b2000-15950 _9771 |
||
| 035 | _a(NLR Aleph) 000103823 | ||
| 090 |
_a587176 _c587176 |
||
| 100 | _a20000901d2000 |||y0rusy50 ca | ||
| 101 | 0 | _arus | |
| 102 | _aRU | ||
| 105 | _aa ||||||||| | ||
| 200 | 1 |
_aСалаты и закуски на каждый день _fЛ.И. Павлова |
|
| 210 |
_aМ. _cАйрис-Пресс _cРольф _d2000 |
||
| 215 |
_a409,[1] с. _cил. _d21 |
||
| 225 | 1 | _aСтрана советов | |
| 225 | 1 | _aКулинария | |
| 606 | 0 |
_aСалаты _xРецептура _92080249 _3RU\NLR\auth\661256168 |
|
| 606 | 0 |
_aЗакуски холодные _xРецептура _92096271 _3RU\NLR\auth\661268315 |
|
| 686 | _aЛ991.4 | ||
| 700 | 1 |
_4070 _8rus _7ca _aПавлова _bЛ. И. _cпопуляризатор _gЛюдмила Ивановна _3RU\NLR\auth\77118781 _9101706 |
|
| 801 | 0 |
_aRU _bNLR _c20000901 _gPSBO |
|
| 801 | 1 |
_aRU _bNLR _c20000901 |
|
| 830 | _aАвт. по кн. | ||
| 852 |
_aNLR _j2000-3/8653 |
||
| 942 | _cBOOK | ||
| 980 | _aNB | ||